Statistics for Scariest Quiz

Click here to take the quiz!

General Stats

  • This quiz has been taken 18 times
  • The average score is 5 of 16

Answer Stats

HintAnswer% Correct
Pink birdFlamingo
88%
President of the United States from 1913-1921Woodrow Wilson
63%
So scary pizzaFreddy Fazbear
38%
Hello, hello? Uh, I wanted to record a message for you to help you get settled in on your first night. Um, I actually worked in that office before you. I'm finishing up my last week now, as a matter of fact. So, I know it can be a bit overwhelming, but I'm here to tell you there's nothing to worry about. Uh, you'll do fine. So, let's just focus on getting you through your first week. Okay?
Uh, let's see, first there's an introductory greeting from the company that I'm supposed to read. Uh, it's kind of a legal thing, you know. Um, "Welcome to Freddy Fazbear's Pizza. A magical place for kids and grown-ups alike, where fantasy and fun come to life. Fazbear Entertainment is not responsible for damage to property or person. Upon discovering that damage or death has occurred, a missing person report will be filed within 90 days, or as soon property and premises have been thoroughly cleaned and bleached, and the carpets have been replaced."
Blah blah blah, now that might sound bad, I know, but there's really nothing to worry about. Uh, the animatronic characters here do get a bit quirky at night, but do I blame them? No. If I were forced to sing those same stupid songs for twenty years and I never got a bath? I'd probably be a bit irritable at night too. So, remember, these characters hold a special place in the hearts of children and we need to show them a little respect, right? Okay.
So, just be aware, the characters do tend to wander a bit. Uh, they're left in some kind of free roaming mode at night. Uh... Something about their servos locking up if they get turned off for too long. Uh, they used to be allowed to walk around during the day too. But then there was The Bite of '87. Yeah. I-It's amazing that the human body can live without the frontal lobe, you know?
Uh, now concerning your safety, the only real risk to you as a night watchman here, if any, is the fact that these characters, uh, if they happen to see you after hours probably won't recognize you as a person. They'll pr- they'll most likely see you as a metal endoskeleton without its costume on. Now since that's against the rules here at Freddy Fazbear's Pizza, they'll probably try to...forcefully stuff you inside a Freddy Fazbear suit. Um, now, that wouldn't be so bad if the suits themselves weren't filled with crossbeams, wires, and animatronic devices, especially around the facial area. So, you could imagine how having your head forcefully pressed inside one of those could cause a bit of discomfort...and death. Uh, the only parts of you that would likely see the light of day again would be your eyeballs and teeth when they pop out the front of the mask, heh.
Y-Yeah, they don't tell you these things when you sign up. But hey, first day should be a breeze. I'll chat with you tomorrow. Uh, check those cameras, and remember to close the doors only if absolutely necessary. Gotta conserve power. Alright, good night.
Phone Guy
38%
Country in eastern EuropePoland
38%
I come out the wellBonnie FNAF
25%
Least delicious food in UzbekistanBurkina Faso
25%
Most delicious food in PolandBurundi
25%
I am a guy with a red and green jumper and cool hat and a big glove with massive knives and I have a burnt face and I am in your nightmaresPaul from across the road
25%
Small dog that terrorizes local kids, so vicious and dangerous, acidic urineScrappy Doo
25%
Loud noisesSirenhead
25%
Do not take this geezers paperSlenderman
25%
Most well known fascist dictatorSpringtrap FNAF
25%
Soooooo buff, was in Predator and TerminatorYour mum
25%
Freddy FazbearLeatherface
13%
Fionn GallagherJarphiniquis Gargrunklemus
0%

Score Distribution

Percentile by Number Answered

Percent of People with Each Score

Your Score History

You have not taken this quiz